Poč unikáš mi : milostné sonety /

Uložené v:
Podrobná bibliografia
Hlavný autor: Vega, Lope de, 1562-1635
Ďalší autori: Mikeš, Vladimír, 1927- (Translator)
Médium: Kniha
Jazyk:Czech
Spanish
Vydané: Praha : Mladá fronta, 1975.
Vydanie:1. vyd.
Edícia:Květy poezie sv. 118
ISBN: (viaz.)
Fyzický popis: 140 s.
Tagy: Pridať tag
Žiadne tagy, Buďte prvý kto otaguje tento záznam!

MARC

LEADER 00000nam a22000004a 4500
001 000424921
005 20130630223430.0
008 130630s1975 xr e 000 0 cze d
020 |a (viaz.)  |c Kčs 11,00 
040 |a SVKKK  |b slo  |c SVKKK  |e AACR2 
041 1 |a cze  |h spa 
044 |a xr  |c CZ 
100 1 |a Vega, Lope de,  |d 1562-1635 
245 1 0 |a Poč unikáš mi :  |b milostné sonety /  |c Lope de Vega ; preložil [a doslov napísal] Vladimír Mikeš. 
250 |a 1. vyd. 
260 |a Praha :  |b Mladá fronta,  |c 1975. 
300 |a 140 s. 
490 1 |a Květy poezie  |v sv. 118 
700 1 |a Mikeš, Vladimír,  |d 1927-  |4 trl 
830 0 |a Květy poezie  |v sv. 118 
910 |a svkkk 
998 |a BK 
090 |g SCKHL  |k Sklad Hlavná 10 suterén  |a I.44143  |j 522381  |i 2720622932  |s Povinný výt.